生男生女随心所欲健康宝典 (Record no. 63353)

000 -LEADER
fixed length control field 00499nam a22001937a 4500
003 - CONTROL NUMBER IDENTIFIER
control field MPLRDC
005 - DATE AND TIME OF LATEST TRANSACTION
control field 20220104185507.0
008 - FIXED-LENGTH DATA ELEMENTS--GENERAL INFORMATION
fixed length control field 210129b ||||| |||| 00| 0 eng d
020 ## - INTERNATIONAL STANDARD BOOK NUMBER
International Standard Book Number 986-6843-20-4
082 ## - DEWEY DECIMAL CLASSIFICATION NUMBER
Classification number 429.1 YLF
100 ## - MAIN ENTRY--PERSONAL NAME
Personal name 原利夫
245 ## - TITLE STATEMENT
Title 生男生女随心所欲健康宝典
Statement of responsibility, etc.
250 ## - EDITION STATEMENT
Edition statement 初版一刷
260 ## - PUBLICATION, DISTRIBUTION, ETC.
Place of publication, distribution, etc. 台湾
Name of publisher, distributor, etc. 汉宇国际文化有限公司
Date of publication, distribution, etc. 2009
300 ## - PHYSICAL DESCRIPTION
Other physical details
490 ## - SERIES STATEMENT
Series statement 我的健康护照. 7
650 ## - SUBJECT ADDED ENTRY--TOPICAL TERM
Topical term or geographic name entry element 性知识
942 ## - ADDED ENTRY ELEMENTS (KOHA)
Koha item type Book
-- 429.1 YLF
Holdings
Withdrawn status Lost status Source of classification or shelving scheme Damaged status Not for loan Collection code Home library Current library Shelving location Date acquired Cost, normal purchase price Total Checkouts Total Renewals Full call number Barcode Date last seen Date last checked out Price effective from Koha item type Public note
            Malaysian Public Library, Research and Development Centre Malaysian Public Library, Research and Development Centre   16/07/2010 31.50   1 429.1 YLF 00057576 18/03/2021 27/04/2014 18/03/2021 Book mplrdc

© 2022. Malaysian Public Library, Research and Development Centre. All Right ReservedE-mailmplrdc@help.edu.my 

Powered by Koha